00478nam a2200193 a 4500001001300000003000900013005001700022008004100039020000800080082001600088100002400104245001700128260003100145300000900176500003500185505001400220650002600234700002400260nice12345678IN_TiNIC20260116011627.0050524s1958 laha grp 000 0 urd  ac700a922.97bMEH aMehr, Ghulam Rasool aNaqsh-E-Azad aLahorebKitab Manzilc1958 a360p aincludes index and biblioraphy2 areference aAbul Kalam Azad-Prose1 aMehr, Ghulam Rasool